000 00663nam a22002297a 4500
999 _c13454
_d13454
003 AR-CdUCM
008 190415b ||||| |||| 00| 0 spa d
040 _aMUNICIPALIDAD PROVINCIAL DEL CUSCO
_cBIBLIOTECA MUNICIPAL DEL CUSCO
082 _aES / 373.869 /
_bB25
100 _aBarrionuevo, Alfonsina
_915899
245 _aHuchuysito, el pequeñito /
260 _aLima :
_bCONCYTEC,
_c1989.
300 _a100 paginas ;
_bIlustraciones,
_c20 cm.
500 _acuento
650 _aCuento
_94671
650 _aHistoria
_9136
650 _aLiteratura
_983
650 _aPerú
_935
700 _aKukili
_931881
942 _2ddc
_cLIBROS
945 _apjha
_d2019-04-15